| 000 | 00597nam a2200193 a 4500 | ||
|---|---|---|---|
| 005 | 20210223123426.0 | ||
| 008 | 991125s1990 mx 000 0 spa u | ||
| 020 | _a9686177329 | ||
| 035 | _aUPN01000053295 | ||
| 049 | _aI | ||
| 050 | 4 |
_aTN615 _bG7.7 |
|
| 100 | 1 | _aGrinberg, Dora M. K. De | |
| 245 | 1 | 4 |
_aLos señores del metal : _bminería y metalurgia en mesoamérica / _cDora M. K. de Grimberg; ilustraciones Ignacio Pérez Duarte. |
| 260 |
_aMéxico : _bPangea : _bCNCA, _c1990. |
||
| 300 |
_a589 p. : _bil. |
||
| 440 | 4 | _aLos señores ... | |
| 650 | 4 |
_aMETALURGIA _912273 |
|
| 905 | _aInfantil | ||
| 999 |
_c53295 _d53295 |
||